| 000 | 00741nam a2200253 i 4500 | ||
|---|---|---|---|
| 001 | 9795 | ||
| 003 | ES-MaACL | ||
| 005 | 20250804062640.0 | ||
| 007 | t| | ||
| 008 | 940112s1993 sp ||||1| spa d | ||
| 020 | _a84-264-1219-X | ||
| 080 | _a821.134.2-31"19" | ||
| 100 | 1 |
_aMartín Garzo, Gustavo, _d1948- _9234309 _eaut |
|
| 245 | 1 | 3 |
_aEl lenguaje de las fuentes / _cGustavo Martín Garzo. |
| 250 | _aPrimera edición | ||
| 260 |
_aBarcelona : _bLumen, _c1993 |
||
| 300 |
_a104 páginas ; _c21 cm. |
||
| 490 | 1 |
_aPalabra en el tiempo ; _v219 |
|
| 655 | 0 |
_aNovelas _9234319 |
|
| 830 | 0 |
_aPalabra en el tiempo _9177857 |
|
| 852 |
_aES-MaACL _jL-17325 _bR.122133 |
||
| 942 |
_2udc _cMONOGRAFIA _n0 |
||
| 999 |
_c9795 _d9795 |
||